|
|
|
|
| LEADER |
00000nam a22000007a 4500 |
| 005 |
20200422153946.0 |
| 007 |
cr|||| |||| |
| 008 |
200422s2019 es |||||s|||| 00||0 spa d |
| 020 |
|
|
|a 978-84-1324-594-2
|
| 035 |
|
|
|a 31444
|
| 040 |
|
|
|a vLex
|
| 090 |
|
|
|c 10326
|d 10326
|
| 100 |
1 |
|
|a Přez Peą, M® del Carmen
|
| 245 |
1 |
0 |
|a Anl̀isis socioeconm̤ico de las entidades locales autn̤omas y barriadas rurales de Jerez de la Frontera
|h [Recurso electrn̤ico] /
|c M® del Carmen Přez Peą, Jos ̌Antonio Lp̤ez Sǹchez
|
| 256 |
|
|
|a Servicio en ln̕ea
|
| 260 |
|
|
|a Madrid:
|b Dykinson,
|c 2019
|
| 300 |
|
|
|a 1 recurso electrn̤ico
|
| 506 |
1 |
|
|a Disponible solo en los productos indicados
|d vLex Global
|d vLex Global (Academic Edition, excluding Law Schools)
|d vLex Global (U.S. Academic Edition, Law Schools)
|d vLex Global (U.S. Academic Edition, excluding Law Schools)
|d vLex Global (Academic Edition, Law Schools)
|
| 650 |
0 |
4 |
|a Derecho Pb︢lico y Administrativo
|z Espaą
|
| 700 |
1 |
|
|a Lp̤ez Sǹchez, Jos ̌Antonio
|
| 740 |
0 |
|
|a vLex Libros (Servicio en ln̕ea)
|
| 856 |
4 |
0 |
|u http://vlex.com/source/analisis-socioeconomico-entidades-locales-autonomas-barriadas-rurales-jerez-frontera-31444
|z Acceso restringido
|
| 942 |
|
|
|c BOOK
|
| 999 |
0 |
|
|a Public and Administrative Law
|